Introductory linear algebra with applications / (Record no. 189140)
[ view plain ]
| 000 -LEADER | |
|---|---|
| fixed length control field | 01115 a2200217 4500 |
| 003 - CONTROL NUMBER IDENTIFIER | |
| control field | NUST |
| 005 - DATE AND TIME OF LATEST TRANSACTION | |
| control field | 20221114121603.0 |
| 010 ## - LIBRARY OF CONGRESS CONTROL NUMBER | |
| LC control number | 00046493 |
| 020 ## - INTERNATIONAL STANDARD BOOK NUMBER | |
| International Standard Book Number | 0130182656 |
| 040 ## - CATALOGING SOURCE | |
| Transcribing agency | Nust |
| 082 00 - DEWEY DECIMAL CLASSIFICATION NUMBER | |
| Classification number | 512.5,KOL |
| 100 1# - MAIN ENTRY--PERSONAL NAME | |
| Personal name | Kolman, Bernard, |
| 9 (RLIN) | 38800 |
| 245 10 - TITLE STATEMENT | |
| Title | Introductory linear algebra with applications / |
| Statement of responsibility, etc. | Bernard Kolman, David R. Hill. |
| 250 ## - EDITION STATEMENT | |
| Edition statement | 7th ed. / |
| 260 ## - PUBLICATION, DISTRIBUTION, ETC. | |
| Place of publication, distribution, etc. | Upper Saddle River, N.J. : |
| Name of publisher, distributor, etc. | Prentice Hall, |
| Date of publication, distribution, etc. | c2001. |
| 300 ## - PHYSICAL DESCRIPTION | |
| Extent | xvi, 577, A68, 10 p. : |
| Other physical details | ill. ; |
| Dimensions | 27 cm. |
| 505 ## - FORMATTED CONTENTS NOTE | |
| Formatted contents note | Linear Equations and Matrices (Page-1), Applications of Linear Equations and Matrices (Optional) (Page-92), Determinants (Page-140), Vectors in Rn (Page-170), Applications of Vectors in R2 and R3 (Page-217), Applications of Real Vector Spaces (Page-327), Eigenvalues Eigenvectors and Diagonalization (Page-343), Applications of Eigenvalues and Eigenvectors (Page-379), Linear Transformations and Matrices (Page-434), Linear Programming (Page-488), Matlab for Linear Algebra (Page-545). |
| 650 #0 - SUBJECT ADDED ENTRY--TOPICAL TERM | |
| Topical term or geographic name entry element | Algebras, Linear. |
| 9 (RLIN) | 10720 |
| 700 1# - ADDED ENTRY--PERSONAL NAME | |
| Personal name | Hill, David R. |
| Dates associated with a name | 1943- |
| 9 (RLIN) | 102579 |
| 942 ## - ADDED ENTRY ELEMENTS (KOHA) | |
| Source of classification or shelving scheme | |
| Koha item type | Book |
| Call number prefix | 512.5,KOL |
| Withdrawn status | Lost status | Source of classification or shelving scheme | Damaged status | Not for loan | Permanent Location | Current Location | Shelving location | Date acquired | Full call number | Barcode | Date last seen | Price effective from | Koha item type | Public note | Total Checkouts | Checked out | Date last checked out |
|---|---|---|---|---|---|---|---|---|---|---|---|---|---|---|---|---|---|
| Military College of Signals (MCS) | Military College of Signals (MCS) | General Stacks | 12/12/2016 | 512.5,KOL | MCS31457 | 12/08/2016 | 12/12/2016 | Book | Almirah No.19, Shelf No.3 | ||||||||
| Military College of Signals (MCS) | Military College of Signals (MCS) | General Stacks | 12/12/2016 | 512.5,KOL | MCS36352 | 02/20/2026 | 12/12/2016 | Book | Almirah No.11, Shelf No.3 | 2 | 06/20/2026 | 02/20/2026 | |||||
| Military College of Signals (MCS) | Military College of Signals (MCS) | General Stacks | 12/12/2016 | 512.5,KOL | MCS36365 | 03/06/2026 | 12/12/2016 | Book | Almirah No.11, Shelf No.3 | 2 | 02/20/2026 | ||||||
| Military College of Signals (MCS) | Military College of Signals (MCS) | General Stacks | 12/12/2016 | 512.5,KOL | MCS36371 | 02/06/2026 | 12/12/2016 | Book | Almirah No.11, Shelf No.3 | 1 | 06/06/2026 | 02/06/2026 | |||||
| Military College of Signals (MCS) | Military College of Signals (MCS) | General Stacks | 12/12/2016 | 512.5,KOL | MCS36887 | 02/25/2026 | 12/12/2016 | Book | Almirah No.11, Shelf No.3 | 2 | 03/27/2026 | 02/25/2026 | |||||
| Military College of Signals (MCS) | Military College of Signals (MCS) | General Stacks | 02/28/2026 | 512.5,KOL | MCS31459 | 02/28/2026 | 02/28/2026 | Book | Almirah No.19, Shelf No.3 |
